| 000 | 00756nam a2200241Ia 4500 | ||
|---|---|---|---|
| 003 | GCL | ||
| 008 | 140319s9999 xx 000 0 ara d | ||
| 040 |
_aGCL / _cGCL |
||
| 082 | 0 | 4 |
_aق _b930.1 _bس ا |
| 100 | 1 | _aسليم حسن | |
| 245 | 1 | 0 |
_aابو الهول : _bتاريخه فى ضوء الكشوف الحديثه / _cسليم حسن |
| 700 | 1 | _aاحمد محمد بدوى | |
| 700 | 1 | _aجمال الدين سالم | |
| 260 |
_a[S.N] : _bلا يوجد ، _c1992 |
||
| 300 |
_a196 ص ؛ _c24 سم |
||
| 490 | _a | ||
| 650 | 0 | 4 | _aالحضارة الفرعونية |
| 650 | 0 | 4 | _aالاثار الفرعونية |
| 650 | 0 | 4 | _aالفن المصرى القديم |
| 650 | 0 | 4 | _aابوالهول |
| 650 | 0 | 4 | _aالاهرام |
| 942 |
_2ddc _cBK |
||
| 999 |
_c34651 _d34651 |
||